[Event "Scarborough CC Early Summer"]
[Site "Toronto"]
[Date "2008.05.08"]
[Round "1"]
[White "Croxen, Robert"]
[Black "Armstrong, Robert J"]
[Result "0-1"]
[WhiteElo "1662"]
[BlackElo "1814"]
[PlyCount "62"]
[EventDate "2008.05.08"]
[EventType "swiss"]
[EventRounds "8"]
[EventCountry "CAN"]
[SourceTitle "EXT 2011"]
[Source "ChessBase"]
[SourceDate "2010.11.26"]
[SourceVersion "1"]
[SourceVersionDate "2010.11.26"]
[SourceQuality "1"]

1. e4 g6 2. d4 Bg7 3. Nf3 d6 4. Bc4 Nf6 5. Nc3 Nxe4 6. Bxf7+ Kxf7 7. Nxe4 Rf8 8. 0-0 Kg8 9. h3 Nd7 10. Re1 Nf6 11. Neg5 h6 12. Ne6 Bxe6 13. Rxe6 Qd7 14. d5 c6 15. c4 cxd5 16. cxd5 g5 17. Qd3 Rae8 18. g4 b5 19. Bd2 Qb7 20. Bc3 Nxd5 21. Bxg7 Nf4 22. Qb3 Kxg7 23. Qc3+ Rf6 24. Rxf6 Ne2+ 25. Kg2 Nxc3 26. Re6 Nd5 27. Kg3 Nf4 28. Re3 Rf8 29. Rae1 e5 30. Rc1 Ne2+ 31. Kg2 Nxc1 0-1

[Event "Scarborough CC-ch reserves"]
[Site "Toronto"]
[Date "2008.01.24"]
[Round "4"]
[White "Croxen, Robert"]
[Black "Samaroo, Muneshwar"]
[Result "1/2-1/2"]
[WhiteElo "1633"]
[BlackElo "1590"]
[PlyCount "107"]
[EventDate "2008.01.03"]
[EventType "swiss"]
[EventRounds "10"]
[EventCountry "CAN"]
[SourceTitle "EXT 2011"]
[Source "ChessBase"]
[SourceDate "2010.11.26"]
[SourceVersion "1"]
[SourceVersionDate "2010.11.26"]
[SourceQuality "1"]

1. e4 c5 2. Nf3 d6 3. d4 cxd4 4. Nxd4 Nf6 5. Nc3 a6 6. h3 Nc6 7. Nf3 e5 8. Bc4 h6 9. 0-0 Be7 10. Re1 0-0 11. Nd5 Be6 12. Nxe7+ Qxe7 13. Bxe6 Qxe6 14. b3 Rfd8 15. c4 a5 16. Ba3 Ne8 17. Qd5 Qxd5 18. cxd5 Ne7 19. Rac1 Rac8 20. Rxc8 Rxc8 21. Rc1 Rxc1+ 22. Bxc1 f5 23. Nd2 fxe4 24. Nxe4 Nxd5 25. Ba3 Nb4 26. Bxb4 axb4 27. Kf1 Kf7 28. Ke2 Ke6 29. Kd3 Kd5 30. Ng3 g6 31. Ne4 b5 32. f3 Kc6 33. Kd2 Kd5 34. Nf2 Nc7 35. Nd3 Na6 36. Ke3 g5 37. g3 Ke6 38. Kd2 d5 39. Ke3 Kd6 40. Kf2 d4 41. h4 Kd5 42. Ke2 e4 43. fxe4+ Kxe4 44. Nf2+ Kf5 45. Kd3 gxh4 46. gxh4 Kf4 47. Kxd4 Kg3 48. Ne4+ Kxh4 49. Kd5 Kg4 50. Kc6 Kf4 51. Nf6 Kf5 52. Nh5 Kg5 53. Ng3 Kg4 54. Ne4 1/2-1/2